Padres permisivos, hijos tiranos
Furkejuvvon:
| Váldodahkki: | |
|---|---|
| Materiálatiipa: | Girji |
| Giella: | espánnjágiella |
| Almmustuhtton: |
Barcelona
Ediciones B
2005
|
| Ráidu: | Sine qua non
|
| Fáttát: | |
| Fáddágilkorat: |
Lasit fáddágilkoriid
Eai fáddágilkorat, Lasit vuosttaš fáddágilkora!
|
MARC
| LEADER | 00000nam a2200000 a 4500 | ||
|---|---|---|---|
| 001 | UCI7218 | ||
| 003 | CL-VaPUC | ||
| 008 | 080613e20050000SP |||||||||||||||||spa|d | ||
| 020 | |a 8466620613 | ||
| 082 | 0 | 4 | |a 306.87 |b NAO |2 21 |
| 100 | |a Naouri, Aldo |e autor |9 530378 | ||
| 245 | 1 | 0 | |a Padres permisivos, hijos tiranos |
| 300 | |a 333 p | ||
| 942 | |c BK | ||
| 945 | |d 20080613 00:00:00 |a jtorresc | ||
| 260 | |a Barcelona |b Ediciones B |c 2005 | ||
| 650 | 7 | |a NIÑOS CUIDADO |2 CL-VaPUC |9 311421 | |
| 650 | 0 | |a Desarrollo infantil |9 308064 | |
| 650 | 0 | |a Padres e hijos |9 307753 | |
| 650 | 7 | |a PADRES DE FAMILIA |2 CL-VaPUC |9 524186 | |
| 583 | |a last modification |c 20080613 00:00:00 |k Rodrigo Vera | ||
| 490 | 0 | |a Sine qua non | |
| 999 | |c 330569 |d 330567 | ||
| 952 | |0 0 |1 0 |4 0 |6 306_870000000000000_NAO_2005 |7 0 |8 A |9 416170 |a BIBEDU |b BIBEDU |d 2019-11-22 |i 445023K |o 306.87 NAO 2005 |p 445023K |r 2019-11-22 |w 2019-11-22 |y BK |k EBA | ||